000 00785nam a2200277 i 4500
001 105967
003 ES-MaACL
005 20250727062607.0
007 t|
008 900415s1977 sp ||||1| spa d
020 _a84-323-0272-4
080 _a329.15(4)
080 _a335.52
100 0 _aClaudín, Fernando.
_939089
245 1 0 _aEurocomunismo y socialismo /
_cpor Fernando Claudín.
250 _a1ª ed.
260 _aMadrid :
_bSiglo XXI de España,
_c1977.
300 _a181 p. ;
_c18 cm.
490 1 _aSociología y política
500 _aBiblioteca Juan Andrade.
650 1 4 _aEurocomunismo.
_912610
650 1 7 _aSocialismo
_2embne
_917147
830 0 _aSociología y política
_9178818
852 _aES-MaACL
_jAND-900
_bR.110188
999 _c105967
_d105967